000 00566nam a22002297a 4500
003 UA-OsUOA
001 839
007 ta
008 20050706b un ||||| |||| 00| 0 ukr d
100 _aПсэлл М.
090 _a94.1025/1041
_bП86
942 _cBK
040 _aUA-OsUOA
_brus
_cUA-OsUOA
_dUA-OsUOA
245 _aХронография
300 _a310 с.
955 _a1
041 _arus
080 _a94.1025/1041
260 _aМ.
_bнаука
_c1978
650 7 _a9 Географія. Біографії. Історія
_2UDC
999 _c287010
_d287010